000
00205 a2200097 4500
001
49503
100
_a
Good child
245
_a
Mclean remembers
260
_a
_b
Hodder staughton
_c
090
_c
32033
_d
32033
942
_a
NUST-CAE
_c
M
_c
24485
999
_c
284576
_d
284576